There Are Listed Buildings by Los Campesinos! Lyrics - Statistics

General Stats
  • This quiz has been taken 8 times
  • The average score is 201 of 277
Answer Stats
Answer % Correct
a
100%
and
100%
"and
100%
are
100%
I
100%
in
100%
in,
100%
the
100%
we
100%
We
100%
what
100%
You
100%
you
100%
your
100%
bucket.
88%
buildings
88%
But
88%
but
88%
can
88%
complain
88%
do
88%
for
88%
from
88%
glug
88%
glug,
88%
I'm
88%
it
88%
listed
88%
love
88%
love,
88%
not
88%
salt
88%
sin".
88%
that
88%
There
88%
water
88%
were
88%
at
75%
betide
75%
bite.
75%
Come
75%
crabs,
75%
fishing
75%
give.
75%
give
75%
heart.
75%
if
75%
interested,
75%
line
75%
money.
75%
only
75%
sandcastle
75%
stomach,
75%
take
75%
they're
75%
woe
75%
any
63%
atheists
63%
by
63%
dangle
63%
direction.
63%
I'd
63%
I'll
63%
my
63%
remember
63%
scraps
63%
shoes.
63%
solid
63%
some
63%
splash
63%
tap-water
63%
think
63%
tide
63%
to
63%
turns
63%
which
63%
being
50%
boat,
50%
commandeer
50%
have
50%
know,
50%
like
50%
make
50%
me
50%
naked
50%
our
50%
own
50%
runs
50%
two
50%
waist
50%
white,
50%
caused
38%
compact
38%
could
38%
face
38%
feet,
38%
glutton
38%
gotta
38%
How
38%
lights.
38%
luck.
38%
lust,
38%
midnight,
38%
mirror,
38%
move
38%
premature
38%
security
38%
watched
38%
worry.
38%
been
25%
bin.
25%
circle
25%
create
25%
crows
25%
danced
25%
Decree
25%
down
25%
drift
25%
fade,
25%
feeds
25%
flash
25%
further
25%
harbor,
25%
jig
25%
neon
25%
powder
25%
romance?
25%
say
25%
seagull
25%
settles
25%
show
25%
signs,
25%
swim.
25%
swoops
25%
than
25%
though
25%
unplugged
25%
unwanted,
25%
with
25%
am
13%
oh,
13%
No matching quizzes found
Score Distribution
Percent of People with Each Score
Percentile by Number Answered
Your Score History
You have not taken this quiz